| 000 | 00537nam a2200133Ia 4500 | ||
|---|---|---|---|
| 008 | 180925s9999 xx 000 0 und d | ||
| 020 | _a9789719803973 | ||
| 100 | _aDiamante, Melva M. | ||
| 245 |
_cMelva M. Diamante, Genevieve Ledesma-Tan.-- _aManaging human resources: _blocal and global perspectives (outcomes-based learning) / |
||
| 260 |
_aPhilippines : _bC & E Publishing, Inc. _c2015 |
||
| 300 |
_axxii, 440 pages : _billustrations ; _c26 cm. |
||
| 650 | _aCompetency-based education. | ||
| 650 | _aPersonnel management -- Philippines. | ||
| 999 |
_c358850 _d358850 |
||